[Event "Euskadi-chTA"]
[Site "Bergara"]
[Date "2013.02.09"]
[Round "1.3"]
[White "Olaizola Ortega, Luis"]
[Black "Fernandez Lopategi, Jon Andoni"]
[Result "1-0"]
[WhiteElo "2199"]
[BlackElo "2037"]
[PlyCount "54"]
[EventDate "2013.01.12"]
[EventType "team-tourn"]
[EventRounds "9"]
[EventCountry "ESP"]
[SourceTitle "EXT 2014"]
[Source "ChessBase"]
[SourceDate "2013.11.20"]
[SourceVersion "1"]
[SourceVersionDate "2013.11.20"]
[SourceQuality "1"]

1. d4 d5 2. Nf3 Nf6 3. c4 c6 4. Nc3 a6 5. a4 e6 6. g3 c5 7. cxd5 exd5 8. Bg2 Nc6 9. 0-0 h6 10. h3 Be6 11. Be3 c4 12. Ne5 Bb4 13. f4 Nxe5 14. dxe5 Bxc3 15. bxc3 Ne4 16. f5 Bc8 17. Bxe4 dxe4 18. Qxd8+ Kxd8 19. Rad1+ Ke8 20. a5 Bd7 21. Rd6 Rc8 22. Bb6 Ba4 23. f6 Kf8 24. e6 fxe6 25. fxg7+ Kxg7 26. Bd4+ Kg8 27. Rxe6 Rh7 1-0

[Event "Basque-chT"]
[Site "Bergara"]
[Date "2012.02.18"]
[Round "6"]
[White "Mombiela Martinez, Gonzalo"]
[Black "Olaizola Ortega, Luis"]
[Result "1/2-1/2"]
[WhiteElo "2091"]
[BlackElo "2215"]
[PlyCount "147"]
[EventDate "2012.01.14"]
[EventType "team"]
[EventRounds "9"]
[EventCountry "ESP"]
[SourceTitle "EXT 2013"]
[Source "ChessBase"]
[SourceDate "2012.11.22"]
[SourceVersion "1"]
[SourceVersionDate "2012.11.22"]
[SourceQuality "1"]
[WhiteTeam "Orvina"]
[BlackTeam "Batalla"]
[WhiteTeamCountry "ESP"]
[BlackTeamCountry "ESP"]

1. d4 d5 2. Nf3 Nf6 3. Bg5 e6 4. e3 c6 5. c3 Qb6 6. Qc2 Ne4 7. Bf4 Nd7 8. Nbd2 f5 9. Bd3 Be7 10. h4 a5 11. Ne5 Qd8 12. Ndf3 Nxe5 13. Bxe5 0-0 14. Bf4 b6 15. Qe2 c5 16. Ne5 Bb7 17. h5 Bd6 18. Qf3 Ba6 19. Qe2 Bxd3 20. Qxd3 c4 21. Qe2 b5 22. f3 Nf6 23. Qf2 b4 24. Qg3 Qe8 25. h6 Ra7 26. Qh3 Bxe5 27. dxe5 g5 28. Bxg5 Nd7 29. Qg3 Qg6 30. Rh3 Kf7 31. Qf4 Nxe5 32. Qxe5 Qxg5 33. Rg3 Qxh6 34. Kf2 Qf6 35. Qd6 bxc3 36. Rh1 Rh8 37. bxc3 Qxc3 38. Rh6 Qd2+ 39. Kf1 Qd1+ 40. Kf2 Qd2+ 41. Kf1 Qxe3 42. f4 Qc1+ 43. Kf2 Qb2+ 44. Kg1 Re7 45. Rgh3 Qg7 46. Kh2 c3 47. Qc5 d4 48. R6h5 h6 49. Rg3 Qf6 50. Qxa5 c2 51. Qc5 d3 52. Rxd3 Qg6 53. Rhh3 Qg4 54. Rdf3 Rg8 55. Qxc2 h5 56. Qf2 Qg6 57. a4 Ra8 58. Ra3 Rea7 59. Qd4 Qf6 60. Qd1 h4 61. Qh5+ Ke7 62. Rxh4 Rg8 63. Rhh3 Rg7 64. Qe2 Qd4 65. Qf3 Qb4 66. Rh6 Rxa4 67. Rxa4 Qxa4 68. Qb7+ Qd7 69. Qb4+ Kf7 70. Qc3 Kg8 71. Qf6 Rh7 72. Qg6+ Kh8 73. Qf6+ Kg8 74. Qg6+ 1/2-1/2

[Event "Basque-chT"]
[Site "Bergara"]
[Date "2012.01.28"]
[Round "3"]
[White "Olaizola Ortega, Luis"]
[Black "Etchegaray, Patrice"]
[Result "0-1"]
[WhiteElo "2215"]
[BlackElo "2405"]
[PlyCount "84"]
[EventDate "2012.01.14"]
[EventType "team"]
[EventRounds "9"]
[EventCountry "ESP"]
[SourceTitle "EXT 2013"]
[Source "ChessBase"]
[SourceDate "2012.11.22"]
[SourceVersion "1"]
[SourceVersionDate "2012.11.22"]
[SourceQuality "1"]
[WhiteTeam "Batalla"]
[BlackTeam "Gros Xake Taldea"]
[WhiteTeamCountry "ESP"]
[BlackTeamCountry "ESP"]

1. Nf3 Nf6 2. c4 g6 3. g3 Bg7 4. Bg2 0-0 5. 0-0 d6 6. d4 Nbd7 7. Nc3 e5 8. e4 c6 9. Rb1 a5 10. h3 Re8 11. Re1 exd4 12. Nxd4 Nc5 13. b3 Nfd7 14. Be3 Ne5 15. Re2 Qe7 16. Rd2 a4 17. f4 axb3 18. fxe5 bxa2 19. Rxa2 Rxa2 20. Nxa2 dxe5 21. Nb3 Ne6 22. Bb6 Nd4 23. Qd3 Be6 24. Nc5 Bc8 25. Nc3 Qg5 26. Nb3 Qh5 27. Nxd4 exd4 28. Ne2 f5 29. Bxd4 fxe4 30. Bxe4 Rd8 31. Qe3 Bxd4 32. Nxd4 Qc5 33. Rd1 Bxh3 34. Bf3 Qxc4 35. Kh2 Bc8 36. Rd2 Qf7 37. Bd1 Re8 38. Qd3 Qd7 39. Bb3+ Kg7 40. Qc3 Qh3+ 41. Kg1 Re1+ 42. Kf2 Qf1# 0-1

[Event "San Sebastian Primavera de Gros 7th op"]
[Site "San Sebastian"]
[Date "2011.05.28"]
[Round "4.3"]
[White "Esnaola Gaston, Fernando"]
[Black "Olaizola Ortega, Luis"]
[Result "0-1"]
[WhiteElo "1934"]
[BlackElo "2216"]
[PlyCount "93"]
[EventDate "2011.05.07"]
[EventType "swiss"]
[EventRounds "7"]
[EventCountry "ESP"]
[SourceTitle "EXT 2024"]
[Source "ChessBase"]
[SourceDate "2023.10.10"]
[SourceVersion "1"]
[SourceVersionDate "2023.10.10"]
[SourceQuality "1"]

1. e4 e6 2. d4 d5 3. Nd2 c5 4. exd5 Qxd5 5. Ngf3 cxd4 6. Bc4 Qd6 7. 0-0 Nf6 8. Nb3 Nc6 9. Nbxd4 Nxd4 10. Qxd4 Qxd4 11. Nxd4 Bd7 12. Bf4 Bc5 13. Rad1 0-0 14. Nf3 Bc6 15. Ne5 Bd5 16. Bxd5 Nxd5 17. Nd3 Bb6 18. Bg3 Rac8 19. c3 f6 20. Rfe1 Kf7 21. Nf4 Nxf4 22. Bxf4 Rfd8 23. Kf1 g5 24. Bg3 e5 25. f3 Ke6 26. Bf2 Bxf2 27. Kxf2 h5 28. Ke2 g4 29. Ke3 f5 30. h4 gxh3 31. gxh3 Rxd1 32. Rxd1 Rg8 33. Kf2 f4 34. Rg1 Rxg1 35. Kxg1 e4 36. fxe4 Ke5 37. Kf2 Kxe4 38. Ke2 h4 39. b3 b5 40. c4 bxc4 41. bxc4 a5 42. c5 Kd5 43. Kf3 Kxc5 44. Kxf4 Kb4 45. Kg4 Ka3 46. Kxh4 Kxa2 47. Kg5 0-1

[Event "Euskadi-chT (Vasca) Div Honor"]
[Site "Bergara"]
[Date "2011.01.15"]
[Round "2.3"]
[White "Olaizola Ortega, Luis"]
[Black "Limeres Guiance, Cristobal"]
[Result "1-0"]
[WhiteElo "2203"]
[BlackElo "2264"]
[PlyCount "87"]
[EventDate "2011.01.08"]
[EventType "team-tourn"]
[EventRounds "9"]
[EventCountry "ESP"]
[SourceTitle "EXT 2024"]
[Source "ChessBase"]
[SourceDate "2023.10.10"]
[SourceVersion "1"]
[SourceVersionDate "2023.10.10"]
[SourceQuality "1"]

1. d4 Nf6 2. Nf3 e6 3. e3 b6 4. c4 Bb7 5. Bd3 Bb4+ 6. Nbd2 0-0 7. 0-0 d5 8. Qc2 c5 9. cxd5 exd5 10. b3 Ba6 11. Bb2 Bxd3 12. Qxd3 Nbd7 13. Rfd1 Qe7 14. Ne5 Qe6 15. Nxd7 Nxd7 16. Nf3 c4 17. bxc4 dxc4 18. Qc2 Rfc8 19. d5 Qg6 20. Qa4 Qd6 21. a3 Ba5 22. Bd4 c3 23. e4 Nc5 24. Qc2 Qf4 25. Re1 Qd6 26. Ne5 f5 27. Nc4 Qd8 28. Nxa5 bxa5 29. exf5 Qxd5 30. Rad1 Qf7 31. Qxc3 Nb3 32. Qf3 Nxd4 33. Rxd4 Rab8 34. Red1 Rf8 35. Rd5 a4 36. Qg4 Rfe8 37. h3 Re7 38. Qxa4 h6 39. Qf4 Rb2 40. Rd6 Rbe2 41. f6 Re1+ 42. Rxe1 Rxe1+ 43. Kh2 g5 44. Qf5 1-0

[Event "San Sebastian Nagusia op"]
[Site "San Sebastian"]
[Date "2008.11.29"]
[Round "6"]
[White "Irure Crespo, Egoitz"]
[Black "Olaizola Ortega, Luis"]
[Result "1/2-1/2"]
[WhiteElo "1935"]
[BlackElo "2205"]
[PlyCount "57"]
[EventDate "2008.10.25"]
[EventType "swiss"]
[EventRounds "7"]
[EventCountry "ESP"]
[SourceTitle "EXT 2011"]
[Source "ChessBase"]
[SourceDate "2010.11.26"]
[SourceVersion "1"]
[SourceVersionDate "2010.11.26"]
[SourceQuality "1"]

1. e4 e6 2. d4 d5 3. exd5 exd5 4. Bf4 Bd6 5. Bxd6 Qxd6 6. c3 Nf6 7. Bd3 0-0 8. Nd2 Nbd7 9. Ne2 Re8 10. 0-0 Nf8 11. Re1 Bd7 12. Qc2 g6 13. Ng3 Ne6 14. Nf3 Nf4 15. Bf1 N6h5 16. Nxh5 Nxh5 17. Qd2 f6 18. Rxe8+ Rxe8 19. Re1 Rxe1 20. Nxe1 Nf4 21. Nd3 Nxd3 22. Bxd3 Qe7 23. Qe2 Qxe2 24. Bxe2 Bf5 25. f3 g5 26. Kf2 Bb1 27. a3 f5 28. f4 h6 29. g3 1/2-1/2

[Event "San Sebastian Nagusia op"]
[Site "San Sebastian"]
[Date "2008.11.01"]
[Round "2"]
[White "Galarza Cenzano, Inigo"]
[Black "Olaizola Ortega, Luis"]
[Result "1-0"]
[WhiteElo "2022"]
[BlackElo "2205"]
[PlyCount "87"]
[EventDate "2008.10.25"]
[EventType "swiss"]
[EventRounds "7"]
[EventCountry "ESP"]
[SourceTitle "EXT 2011"]
[Source "ChessBase"]
[SourceDate "2010.11.26"]
[SourceVersion "1"]
[SourceVersionDate "2010.11.26"]
[SourceQuality "1"]

1. e4 e6 2. d3 d5 3. Nd2 c5 4. Ngf3 Nc6 5. g3 Nf6 6. Bg2 Be7 7. 0-0 b5 8. Re1 b4 9. c3 0-0 10. e5 Nd7 11. h4 a5 12. Nf1 a4 13. a3 bxc3 14. bxc3 Ba6 15. Bf4 Nb6 16. N1h2 Na5 17. Bf1 Nb3 18. Ra2 Rb8 19. Ng5 Qe8 20. Ng4 Nd7 21. c4 Bb7 22. Ne3 Nb6 23. Ng4 dxc4 24. dxc4 Bxg5 25. hxg5 Qc6 26. f3 Rfd8 27. Qb1 Qxf3 28. Rh2 Qxg4 29. Qxh7+ Kf8 30. Bh3 Qf3 31. Qh8+ Ke7 32. Qxg7 Rd1 33. Qf6+ Ke8 34. Rf1 Nd7 35. Qg7 Be4 36. Bg2 Rxf1+ 37. Bxf1 Nd4 38. g6 Ne2+ 39. Rxe2 Bxg6 40. Qh8+ Nf8 41. Bh6 Rb1 42. Qxf8+ Kd7 43. Rd2+ Bd3 44. Qd6+ 1-0

[Event "San Sebastian Nagusia op"]
[Site "San Sebastian"]
[Date "2008.10.25"]
[Round "1"]
[White "Olaizola Ortega, Luis"]
[Black "Rodriguez Cabrera, Francisco Javier"]
[Result "1-0"]
[WhiteElo "2205"]
[BlackElo "1909"]
[PlyCount "147"]
[EventDate "2008.10.25"]
[EventType "swiss"]
[EventRounds "7"]
[EventCountry "ESP"]
[SourceTitle "EXT 2011"]
[Source "ChessBase"]
[SourceDate "2010.11.26"]
[SourceVersion "1"]
[SourceVersionDate "2010.11.26"]
[SourceQuality "1"]

1. d4 Nf6 2. Nf3 g6 3. c4 Bg7 4. Nc3 0-0 5. e4 d6 6. Be2 e5 7. Be3 Nc6 8. d5 Ne7 9. Nd2 Nd7 10. f3 f5 11. Qc2 c6 12. dxc6 bxc6 13. 0-0-0 Qc7 14. Nb3 Bb7 15. Rd2 Nf6 16. Rhd1 Rfd8 17. g4 f4 18. Bf2 a6 19. g5 Ne8 20. Na4 c5 21. Nc3 Bf8 22. Qd3 Rdb8 23. Bf1 Bc8 24. h4 Be6 25. Kb1 Rb4 26. Nd5 Nxd5 27. cxd5 Bd7 28. Rc1 Qb7 29. Qc3 a5 30. Na1 Rb8 31. Bc4 Bb5 32. Bxb5 Rxb5 33. Nb3 Ra8 34. Rdc2 Nc7 35. Nd2 a4 36. Nc4 Rb4 37. Na3 Nb5 38. Nxb5 Qxb5 39. Qa3 Rb8 40. Be1 Rd4 41. Ka1 c4 42. Rd2 Rc8 43. Qc3 Rxd2 44. Qxd2 Qc5 45. Bf2 Qb5 46. a3 Be7 47. Qb4 Qa6 48. Ka2 Bd8 49. Rc2 Kf7 50. Rc1 Kg8 51. Bg1 Kf7 52. Bf2 Ke7 53. Bg1 Kd7 54. Rc2 Ke7 55. Bf2 Kd7 56. Rc1 Ke7 57. Bg1 Kd7 58. Rc3 Qa5 59. Rxc4 Rxc4 60. Qxc4 Bc7 61. Bf2 Bd8 62. Qc6+ Ke7 63. Qc3 Qb5 64. Qb4 Qe2 65. Bg1 Qxf3 66. Qxa4 Qg2 67. Qa7+ Kf8 68. Qd7 Be7 69. Qc8+ Kg7 70. Qd7 Kf8 71. Qc8+ Kg7 72. Qe8 Bf8 73. Qd7+ Kh8 74. Qf7 1-0

[Event "Euskadi-ch"]
[Site "Amorebieta"]
[Date "2006.04.19"]
[Round "2"]
[White "Navarro Cia, Miguel"]
[Black "Olaizola Ortega, Luis"]
[Result "1/2-1/2"]
[WhiteElo "2350"]
[BlackElo "2208"]
[PlyCount "185"]
[EventDate "2006.04.18"]
[EventType "swiss"]
[EventRounds "7"]
[EventCountry "ESP"]
[SourceTitle "CBM 111 Extra"]
[Source "ChessBase"]
[SourceDate "2006.05.09"]
[SourceVersion "1"]
[SourceVersionDate "2006.05.09"]
[SourceQuality "1"]

1. e4 e6 2. d4 d5 3. Nc3 Bb4 4. e5 c5 5. dxc5 Ne7 6. Bd2 0-0 7. Qg4 Nbc6 8. 0-0-0 Ng6 9. Nf3 Bxc5 10. Bd3 Ncxe5 11. Nxe5 Nxe5 12. Bxh7+ Kxh7 13. Qh5+ Kg8 14. Qxe5 Be7 15. Bf4 Qe8 16. Qe2 Bd7 17. Rhe1 Bb4 18. Qd3 Bxc3 19. Qxc3 Qc8 20. Qd3 Qc5 21. Kb1 Rac8 22. Be3 Qc7 23. Bd4 f6 24. f4 Qc4 25. Qxc4 Rxc4 26. b3 Rc6 27. Re3 a6 28. a4 b5 29. axb5 axb5 30. Rc3 Rxc3 31. Bxc3 Rc8 32. Kb2 Be8 33. f5 exf5 34. Rxd5 f4 35. Rd4 Bc6 36. Rxf4 Re8 37. Rf2 Be4 38. g3 Kf7 39. Bd4 f5 40. Ka3 g5 41. Kb4 Rb8 42. c3 g4 43. Ra2 Bd3 44. Ra7+ Ke6 45. Ra6+ Kd5 46. Ra1 Re8 47. Rd1 Be2 48. Rd2 Re4 49. Ra2 Bd3 50. Rd2 Be2 51. Ka5 Kc6 52. Bf6 Bf1 53. Rf2 Bd3 54. Rxf5 Re2 55. Rg5 Rxh2 56. Rxg4 Ra2+ 57. Kb4 Bc2 58. c4 bxc4 59. Rxc4+ Kb6 60. g4 Bb1 61. Rc1 Bg6 62. Bd4+ Kb7 63. g5 Rg2 64. Bf6 Kb6 65. Bd8+ Kb7 66. Kc5 Rd2 67. Bf6 Bf7 68. Rc3 Rd5+ 69. Kb4 Kb6 70. Rg3 Rb5+ 71. Ka3 Bg6 72. b4 Rd5 73. Re3 Bf7 74. Rh3 Rd2 75. Bb2 Rg2 76. Rf3 Bd5 77. Rd3 Rxg5 78. Bd4+ Kb5 79. Bc5 Rf5 80. Kb2 Kc4 81. Rd4+ Kb5 82. Kc3 Rf3+ 83. Kd2 Bc4 84. Rd6 Ka4 85. Rd8 Kb3 86. Rb8 Rd3+ 87. Ke1 Ka4 88. Kf2 Bb5 89. Rb7 Bc4 90. Ra7+ Kb3 91. Ra5 Rd2+ 92. Ke3 Ra2 93. Rxa2 1/2-1/2

[Event "Euskadi-ch"]
[Site "Amorebieta"]
[Date "2006.04.19"]
[Round "3"]
[White "Olaizola Ortega, Luis"]
[Black "Limeres Guiance, Cristobal"]
[Result "1/2-1/2"]
[WhiteElo "2208"]
[BlackElo "2254"]
[PlyCount "73"]
[EventDate "2006.04.18"]
[EventType "swiss"]
[EventRounds "7"]
[EventCountry "ESP"]
[SourceTitle "CBM 111 Extra"]
[Source "ChessBase"]
[SourceDate "2006.05.09"]
[SourceVersion "1"]
[SourceVersionDate "2006.05.09"]
[SourceQuality "1"]

1. d4 e6 2. Nf3 Nf6 3. c4 c5 4. g3 cxd4 5. Nxd4 d5 6. Bg2 e5 7. Nf3 d4 8. 0-0 Nc6 9. e3 Be6 10. exd4 exd4 11. Re1 Bb4 12. Ne5 0-0 13. Nxc6 bxc6 14. Bd2 Qb6 15. Bxb4 Qxb4 16. Qd2 Qd6 17. Na3 Rab8 18. Nc2 c5 19. b3 Rfe8 20. h3 Bf5 21. Rxe8+ Rxe8 22. Re1 Re6 23. Rxe6 Qxe6 24. Ne1 h5 25. Nf3 Ne4 26. Qf4 d3 27. Bf1 f6 28. Bxd3 Nxg3 29. Qb8+ Kh7 30. Qxg3 Bxd3 31. Ng5+ fxg5 32. Qxd3+ Kh6 33. Kg2 Qa6 34. Qe3 Qc6+ 35. f3 Kg6 36. Qd3+ Kf6 37. Qd8+ 1/2-1/2

[Event "San Sebastian op 19th"]
[Site "San Sebastian"]
[Date "2006.04.14"]
[Round "8.16"]
[White "Olaizola Ortega, Luis"]
[Black "Ladron de Guevara Galar, Francisco Javier"]
[Result "1-0"]
[WhiteElo "2208"]
[BlackElo "2104"]
[PlyCount "71"]
[EventDate "2006.04.08"]
[EventType "swiss"]
[EventRounds "9"]
[EventCountry "ESP"]
[SourceTitle "CBM 111 Extra"]
[Source "ChessBase"]
[SourceDate "2006.05.09"]
[SourceVersion "1"]
[SourceVersionDate "2006.05.09"]
[SourceQuality "1"]

1. d4 d5 2. Nf3 Nf6 3. c4 e6 4. Nc3 Nbd7 5. cxd5 exd5 6. Bg5 Be7 7. e3 c6 8. Bd3 0-0 9. 0-0 Re8 10. Qc2 Nf8 11. Rab1 Ng6 12. Bxf6 Bxf6 13. b4 Be7 14. b5 Bd6 15. bxc6 bxc6 16. Bf5 Qf6 17. Bxc8 Raxc8 18. Rb7 Bb8 19. Rfb1 Qd6 20. Qf5 Qe6 21. Qxe6 fxe6 22. Na4 e5 23. Nc5 Bd6 24. Rxa7 exd4 25. exd4 Ra8 26. Rxa8 Rxa8 27. Rb2 Bxc5 28. dxc5 Ra5 29. Ng5 Kf8 30. Nxh7+ Ke7 31. Rb7+ Ke6 32. Rxg7 Ne5 33. h4 d4 34. f4 Nc4 35. Ng5+ Kd5 36. Rd7+ 1-0

[Event "San Sebastian op 19th"]
[Site "San Sebastian"]
[Date "2006.04.09"]
[Round "2.6"]
[White "Olaizola Ortega, Luis"]
[Black "Ninov, Nikolai"]
[Result "0-1"]
[WhiteElo "2208"]
[BlackElo "2513"]
[PlyCount "47"]
[EventDate "2006.04.08"]
[EventType "swiss"]
[EventRounds "9"]
[EventCountry "ESP"]
[SourceTitle "CBM 111 Extra"]
[Source "ChessBase"]
[SourceDate "2006.05.09"]
[SourceVersion "1"]
[SourceVersionDate "2006.05.09"]
[SourceQuality "1"]

1. d4 Nf6 2. Nf3 e6 3. c4 b6 4. Nc3 Bb4 5. e3 c5 6. Bd3 0-0 7. 0-0 Bb7 8. Bd2 cxd4 9. exd4 d5 10. Bg5 Bxc3 11. bxc3 dxc4 12. Bxc4 Nbd7 13. Bd3 Qc7 14. c4 Rfe8 15. Re1 h6 16. Bh4 Rac8 17. Rc1 Nh5 18. Bf1 Qf4 19. d5 exd5 20. Rxe8+ Rxe8 21. cxd5 Nhf6 22. Rc4 Qd6 23. a4 Qxd5 24. Rd4 0-1